Radio mast wayleaves (Record no. 65385)

MARC details
000 -LEADER
fixed length control field 01332cam a2200265 4500
001 - CONTROL NUMBER
control field X109517
008 - FIXED-LENGTH DATA ELEMENTS--GENERAL INFORMATION
fixed length control field 000000n2000 000 0 eng u
035 ## - SYSTEM CONTROL NUMBER
System control number (Sirsi) u109517
245 ## - TITLE STATEMENT
Title Radio mast wayleaves
260 ## - PUBLICATION, DISTRIBUTION, ETC.
Date of publication, distribution, etc. 2000
490 ## - SERIES STATEMENT
Series statement Farm Development Review
Volume/sequential designation 14(9) July 2000, 3-6(4)
520 ## - SUMMARY, ETC.
Summary, etc. A new survey by Strutt & Parker indicates a 13.1% rise for average annual telecommunication mast rents; an increase from £3,402 to £3,847, from the start of 1997 to the middle of 2000. Discusses a number of trends which are changing the current telecommunications market: smaller sites; narrowing gap between non-telecom and telecom sites; site sharing; shorter lease terms; capital values. Suggests that demand will remain constant for the next four years, enabling owners of existing sites to be in a good position for negotiating future rents. Concludes that multi-site agreements promise to be a major growth area, and bring real opportunities for operators. Tables.
650 ## - SUBJECT ADDED ENTRY--TOPICAL TERM
Topical term or geographic name entry element STRUTT & PARKER
650 ## - SUBJECT ADDED ENTRY--TOPICAL TERM
Topical term or geographic name entry element RENTAL LEVELS
650 ## - SUBJECT ADDED ENTRY--TOPICAL TERM
Topical term or geographic name entry element WAYLEAVES
650 ## - SUBJECT ADDED ENTRY--TOPICAL TERM
Topical term or geographic name entry element SITES
650 ## - SUBJECT ADDED ENTRY--TOPICAL TERM
Topical term or geographic name entry element RADIO MASTS
650 ## - SUBJECT ADDED ENTRY--TOPICAL TERM
Topical term or geographic name entry element RENT REVIEW
650 ## - SUBJECT ADDED ENTRY--TOPICAL TERM
Topical term or geographic name entry element TELECOMMUNICATIONS MASTS
650 ## - SUBJECT ADDED ENTRY--TOPICAL TERM
Topical term or geographic name entry element LEASE TERMS
650 ## - SUBJECT ADDED ENTRY--TOPICAL TERM
Topical term or geographic name entry element CAPITAL VALUES
650 ## - SUBJECT ADDED ENTRY--TOPICAL TERM
Topical term or geographic name entry element OPERATORS
690 ## - LOCAL SUBJECT ADDED ENTRY--TOPICAL TERM (OCLC, RLIN)
Topical term or geographic name as entry element TRANSPORT AND COMMUNICATIONS
942 ## - ADDED ENTRY ELEMENTS (KOHA)
Suppress in OPAC 0
Holdings
Withdrawn status Lost status Source of classification or shelving scheme Damaged status Not for loan Home library Current library Shelving location Date acquired Total Checkouts Full call number Barcode Date last seen Copy number Price effective from Koha item type
    Dewey Decimal Classification     London London Journal article 27/11/2000   X109517 109517-1001 06/08/2019 1 06/08/2019 Journal article